La Especificación de lo genérico: la violencia política en perspectiva histórica /
Salvato in:
| Autore principale: | |
|---|---|
| Natura: | testo |
| Soggetti: | |
| Tags: |
Aggiungi Tag
Nessun Tag, puoi essere il primo ad aggiungerne!!
|
MARC
| LEADER | 00000 a a2200000 04500 | ||
|---|---|---|---|
| 001 | 4174 | ||
| 003 | |||
| 040 | |||
| 090 | |a REV0229 (107) 1998 | ||
| 100 | |a Aróstegui, Julio | ||
| 245 | |a La Especificación de lo genérico: |b la violencia política en perspectiva histórica / |c Julio Aróstegui | ||
| 650 | |a VIOLENCIA | ||
| 650 | |a POLITICA | ||
| 650 | |a ANALISIS HISTORICO | ||
| 650 | |a CONFLICTOS SOCIALES | ||
| 650 | |a ESTADO | ||
| 650 | |a TEORIA | ||
| 773 | |g número 107; páginas 25-51 | ||
| 999 | |c 34438 |d 34438 | ||
